| 000 | 01064cam a22003135a 4500 | ||
|---|---|---|---|
| 001 | 013309462 | ||
| 003 | OSt | ||
| 005 | 20240818093029.0 | ||
| 008 | 050913t2006 maua frb 001 0 eng d | ||
| 020 | _a0321322215 | ||
| 020 | _a9780321315342 | ||
| 040 |
_aDLC _cDLC _dDLC _dUkCU _dUk _dEG-ScBUE _beng |
||
| 082 | 0 | 4 |
_a511.3 _222 _bSUD |
| 100 | 1 | 0 | _aSudkamp, Thomas A. |
| 245 | 1 | 0 |
_aLanguages and machines : _ban introduction to the theory of computer science / _cThomas A. Sudkamp. |
| 250 | _a3rd ed., Pearson international ed. | ||
| 260 |
_aBoston ; _aLondon : _bPearson Addison-Wesley, _cc.2006. |
||
| 300 |
_axvii, 654 p. : _bill. ; _c24 cm. |
||
| 504 | _aIncludes bibliographical references and index. | ||
| 650 | 7 |
_aFormal languages. _2BUEsh _93451 |
|
| 650 | 7 |
_aMachine theory. _2BUEsh _93450 |
|
| 650 | 7 |
_aComputational complexity. _2BUEsh _911175 |
|
| 651 | _2BUEsh | ||
| 653 |
_bGGEN _bCOMSCI _cJanuary2018 |
||
| 942 |
_2ddc _hRDA-MOD |
||
| 999 |
_c25896 _d25868 |
||
| 336 |
_2rdacontent _atext _btxt |
||
| 337 |
_aunmediated _2rdamedia _bn |
||
| 338 |
_avolume _bnc _2rdacarrier |
||